000 00676nam a2200217 4500
003 OSt
005 20240726084354.0
006 a
008 240726b |||||||| |||| 00| 0 eng d
020 _a9780470527559
040 _aDWCL-Main lib.
_cOC
082 _aCirc. 005.54 B214e 2010
100 _aBanfield, Colin
245 _aExcel 2010 for dummies : quick reference /
260 _aHoboker, N.J. :
_bWiley Pub. , Inc. ,
_cc2010.
300 _axii,
_b227 p. : ill ;
_c22 cm.
504 _aIncludes index.
650 _a1. Microsoft excel ( computer file)
650 _a2. Microsoft excel ( Computer file)-Handbooks, manuals, etc.
942 _2ddc
_n0
_cBK-CIRC
_kCirc.
999 _c2839
_d2839